AMLA: nový evropský orgán dohledu pro boj proti praní peněz a financování terorismu
Systém európskych orgánov dohľadu, ktoré na úrovni Európskej komisie vykonávajú centralizovaný dohľad, sa v tomto roku doplnil o nový úrad: Úrad pre boj proti praniu špinavých peňazí (AMLA - Anti-Money Laundering and Countering th Financing of Terrorism). Úlohy a ciele AMLA.
Na minha lista:
| Autor principal: | |
|---|---|
| Formato: | Capítulo de Livro |
| Idioma: | tcheco |
| Assuntos: | |
| Tags: |
Sem tags, seja o primeiro a adicionar uma tag!
|
MARC
| LEADER | 00000naa a2200000 4500 | ||
|---|---|---|---|
| 001 | 0304889 | ||
| 005 | 20241031103415.7 | ||
| 041 | 0 | |a cze | |
| 044 | |a CZ | ||
| 245 | 1 | 0 | |a AMLA: nový evropský orgán dohledu pro boj proti praní peněz a financování terorismu |c Miroslava Gyurisová |
| 520 | |a Systém európskych orgánov dohľadu, ktoré na úrovni Európskej komisie vykonávajú centralizovaný dohľad, sa v tomto roku doplnil o nový úrad: Úrad pre boj proti praniu špinavých peňazí (AMLA - Anti-Money Laundering and Countering th Financing of Terrorism). Úlohy a ciele AMLA. | ||
| 610 | 2 | 0 | |a pranie špinavých peňazí |
| 610 | 2 | 0 | |a terorizmus |
| 610 | 2 | 0 | |a dohľad nad finančným trhom |
| 610 | 2 | 0 | |a regulácia |
| 610 | 2 | 0 | |a legislatíva |
| 610 | 2 | 0 | |a inštitúcie finančné |
| 610 | 2 | 0 | |a Európska únia |
| 100 | 1 | |a Gyurisová, Miroslava | |